000 01217nam a2200337 a 4500
005 20200104041524.0
008 140121b2000 ck ||||| |||| 00| 0 spa d
041 _aspa
044 _ack
090 _aIAvH
_b00148
100 1 _aMaldonado, Jorge Higinio
_94419
245 1 0 _aCriterios para identificar y categorizar los productos verdes y definición del portafolio para el mercado nacional e internacional
260 _aBogotá :
_bInstituto de Investigación de Recursos Biológicos Alexander von Humboldt,
_c2000.
300 _a600 p.
_c30 cm. +
_eDiskette
650 6 _aProductos verdes
_94461
650 4 _aComercio internacional
_94456
650 4 _aComercio interno
_94462
650 4 _aMercados verdes
_92232
650 4 _aCertificación ambiental
_94417
650 4 _aCertificación verde
_94463
650 _aUso sostenible
_9344
650 6 _aSostenibilidad
_927639
650 4 _aIndicadores de sostenibilidad
_94445
650 6 _aEcoturísmo
_927640
650 6 _aProductos no maderables
_94464
650 6 _aProductos maderables
_927641
650 4 _aSistemas de producción
_992252
700 1 _aBecerra, María Teresa
_94389
700 1 _aMoreno Sánchez, César
_94465
942 _cINFORME
_2z
999 _c1793
_d1793